LEADER 01426nam a2200265 4500 001 000000352714 003 CaOOAMICUS 005 20230117135714.0 008 230117s1785 it 000 u lat r 026 $epoTI M.UM m.ad CXmi (3) 1785 (R) 040 $aSeMil$bita 100 11$aVisconti, Filippo .$0(OLS)http://semarc/name/71385 245 10$aPhilippo Vicecomiti lectissimo M. E. archiepiscopo Collegii Helvetici patrono amplissimo se, suasque propugnandas theologicas theses Petrus Andres vallesianus alumnus et academicus hypheliomachus D. D. D. 264 1$aMediolani :$bApud Federicum Agnelli regium typographum,$c1785. 300 $a[1], 6, [4], XXI, [1] p. ;$cfol. 500 $aVignetta xilogr. sul front. 500 $aCors. ; rom. 500 $aIniziale xilogr. 500 $aSegn.: ?1 *? A-B? 700 1 $aAgnelli, Federico$b<2.,$cEditore>.$0(OLS)http://semarc/name/12614 850 $aSeMil 852 $aSeMil$W1$xVenegono$y1$m3Z VI 2/37 FA$j236470$B243935$CSeMilBibl$Z2$F243935 $8I 996 $6245$aPhilippo Vicecomiti lectissimo M. E. archiepiscopo Collegii Helvetici patrono amplissimo se, suasque propugnandas theologicas theses Petrus Andres vallesianus alumnus et academicus hypheliomachus D. D. D.$9(OLS)http://semarc/title/442619 996 $6264$aMediolani :$bApud Federicum Agnelli regium typographum$9(OLS)http://semarc/publisher/60812 LEADER 00663nam a2200193 i 4500 001 000000103809 003 CaOOAMICUS 005 20220803094103.0 008 011016s1929 fr u000 u fre u 013 $a75990 040 $aSeMil$bita 245 10$aSupplément 1929. 300 $a256 col. 500 $aRilegato con: SL1.Q VII 27/B-C 773 0 $tDictionnaire pratique des connaissances religieuses.$dParis : Letouzey et Ané, 1925-1931.$w()6727 850 $aSeMil 852 $aSeMil$W1$xVenegono$y1$mSL1.Q VII 27/A$j60257$B60257$CSeMilBibl$Z2$F44741 $8I 996 $6245$aSupplément 1929$9(OLS)http://semarc/title/150641 LEADER 01506nam a2200241 4500 001 000000359251 003 CaOOAMICUS 005 20260312125442.0 008 240806s1803 fr a 000 u fre r 026 $eE.S. 2.t. auen laen (3) 1803 (A) 040 $aSeMil$bita 100 11$aHuber, Michael,$d<1727-1804>.$0(OLS)http://semarc/name/120138 245 10$aTome sixième, renfermant la seconde partie de l'École des Pays-Bas. 264 1$aA Zuric :$bchez Orell, Fussli et compagnie,$c1803. 300 $a[2], 328, 38 p. :$bill. ;$c8° 500 $aSegn.: ?¹ A-U? X? 1-2/? 3/² [chi]¹ 700 1 $aRost, Carl Christian Heinrich,$d<1742-1798>.$0(OLS)http://semarc/name/120139 773 0 $aHuber, Michael <1727-1804>$tManuel des curieux et des amateurs de l'art, contenant une notice abrégée des principaux graveurs, et un catalogue raisonné de leurs meilleurs ouvrages; depuis le commencement de la gravure jusque à nos jours: les artistes ranges par ordre chronologique, et divisés par école. Par M. Huber et C. C. H. Rost. Tome 1. [-8.].$dA Londres : chez Henri Escher, Broadstreet Bloomsbury, 1797-1804.$g5$w()359245 850 $aSeMil 852 $aSeMil$W1$xVenegono$y1$m3XC IV 26 FA$j250127$B250294$CSeMilBibl$Z2$F250294 $8I 996 $6245$aTome sixième, renfermant la seconde partie de l'École des Pays-Bas$9(OLS)http://semarc/title/449691 996 $6264$aA Zuric :$bchez Orell, Fussli et compagnie$9(OLS)http://semarc/publisher/61870